000
00398nam a22001697a 4500
003
MPLRDC
005
20220104124350.0
008
210129b ||||| |||| 00| 0 eng d
082
_a
911.1 STS
100
_a
上田昭
245
_a
实用乐理问题集
_c
250
_a
初版
260
_a
_b
全音乐谱出版社
_c
1982
300
_b
平
650
_a
基本乐理
942
_c
BK
_o
911.1 STS
999
_c
18756
_d
18746